000 00510nam a2200169 i 4500
001 C2-0236871
003 PPAK
005 20180729161638.0
008 011024s1993 my |||| ||||| | may d
040 _aPPAK
_beng
_cPPAK
_erda
245 0 0 _aPertandingan akhir bercerita peringkat kebangsaan : Ceritaku Duniaku
264 1 _aAlor Setar, Kedah :
_bPerbadanan Perpustakaan Awam Kedah ,
_c1993
336 _2rdacontent
_atext
337 _2rdamedia
_aunmediated
338 _2rdacarrier
_avolume
942 _ddc
_cB
999 _c164864
_d164864